| 000 | 00962cam a22002895a 4500 | ||
|---|---|---|---|
| 001 | 016417775 | ||
| 003 | OSt | ||
| 005 | 20160314121255.0 | ||
| 008 | 130726r20142011stka frb 001 0 eng d | ||
| 020 | _a9780702055386 (pbk.) | ||
| 020 | _a0702055387 (pbk.) | ||
| 040 |
_aUK-WkNB _beng _cUK-WkNB _dStEdNL _dEG-ScBUE |
||
| 082 | 0 | 4 |
_a617.605 _bADV _222 |
| 245 | 0 | 0 |
_aAdvanced operative dentistry : _ba practical approach / _cedited by David Ricketts, David Bartlett. |
| 250 | _aReprinted ed. | ||
| 260 |
_aEdinburgh : _bChurchill Livingstone / Elsevier, _c2014. |
||
| 300 |
_axi, 264 p. : _bill. (col.) ; _c25 cm. |
||
| 500 | _aIndex : p. 253-264. | ||
| 500 | _aReprinted of 2011 ed. | ||
| 504 | _aIncludes bibliographical references. | ||
| 650 | 7 |
_aDentistry, Operative. _2BUEsh _930617 |
|
| 651 | _2BUEsh | ||
| 653 |
_bDDent _cMarch2016 |
||
| 700 | 1 |
_aRicketts, David _q(David Nigel James) _eeditor. |
|
| 700 | 1 |
_aBartlett, David W., _eeditor. |
|
| 942 | _2ddc | ||
| 999 |
_c21362 _d21334 |
||